000 00769nam a22002537a 4500
001 000721
003 DO-SdBNP
005 20180212091722.0
007 000721
008 161121b 1989 sp a ||||| |||| 00| 0 spa d
020 _a9580407967
040 _aBPMSU
_bspa
_cBPMSU
082 _axxxx
_bxxxx
100 1 _aMarshall, David
245 _aLos alimentos /
_cDavid Marshall ; ilustradores, Paul Cooper ; traductora, Adriana de Hassan ; editora, Lucía Borrero.
260 _aBogota, Colombia :
_bNorma,
_c1989.
300 _a31 p. :
_bil.
_c24 cm.
490 1 _aCómo se hace?
700 1 2 _aCooper, Paul,
_eil.
830 0 _aCómo se hace?
942 _2ddc
_cBK
945 _ainventariado, 2018 / dg
956 _2LOPEREZ
_310
_620161121
_8BPMSU
_a00041
999 _c12015
_d12015